000 03314njm a2200565 i 4500
001 197751
003 ES-MaACL
005 20250903063115.0
007 sd*fsngnnmmned
008 121121s2012 sp sgn d spa
015 _aSON12
017 _aM 10673-2012
_bOficina Depósito Legal Madrid
035 _a(OCoLC)828331859
035 _a(SpMaBN)a5285950
040 _aSpMaBN
_bspa
_cSpMaBN
_erdc
047 _asg
_act
084 _a3.1
_2MU
084 _a3.2.1
_2MU
100 1 _aMuñiz Salas, Jorge,
_d1974-
_9241330
245 1 0 _aOda a Jovellanos :
_bcantata /
_cmúsica, Jorge Muñiz ; texto, Antonio Gamoneda ; textos sobre odas y canciones, María Sanhuesa Fonseca ; Óliver Díaz, dirección musical. Canciones de su tiempo / Blas de Laserna ... [et al.]
246 1 2 _aCanciones de su tiempo
260 _a[Madrid] :
_bAndante Producciones Culturales,
_cD.L. 2012.
300 _a1 CD+DVD +
_e1 libro (46 páginas : ilustrado a color)
336 _aMúsica (interpretada)
_2isbdcontent
336 _aTexto (visual)
_2isbdcontent
336 _aImagen (en movimiento ; bidimensional)
_2isbdcontent
337 _aaudio
_2isbdmedia
337 _asin mediación
_2isbdmedia
338 _2rdacarrier
_avolumen
500 _aEl libro contiene biografías del compositor y su obra, del escritor Gamoneda y de los intérpretes. El libro es un homenaje a Jovellanos en el bicentenario de su muerte. Contiene además la letra de la cantata y de las canciones
505 0 _aOda a Jovellanos : cantata / Jorge Muñiz -- Canciones de su tiempo: El trípili trápala / Blas de Laserna. Iba un triste calesero-- / Pablo del Moral. Venid pajaritos ; La flor del Zurguén ; Parad avecillas / Manuel García. Las mujeres del día / José Rodríguez de León. Es el amor un ciego / Narciso Paz. El propósito inútil ; El sueño de mi amor ; Yo las falacias ; El pescador ; Cuando al campo salgo ; Delio a la ausencia de su amada Nise / Mariano Rodríguez de Ledesma
511 1 _aJoaquín Pixán, tenor ; Mario Bernardo, piano ; Pablo Menéndez, guitarra ; David Cervera, bajo ; Coro de la Fundación Príncipe de Asturias ; Orquesta Sinfónica del Principado de Asturias ; director, José Esteban Miranda
518 _aGrabado en el Auditorio Palacio de Congresos Príncipe Felipe de Oviedo entre junio y julio de 2011
600 0 _aJovellanos, Gaspar Melchor de,
_d1744-1811-
_vHomenajes
_2embne
_9241331
650 0 _aCanciones (Tenor) con orquesta
_2embne
_9241332
650 0 _aCantatas profanas para solista (Tenor) con piano y bajo continuo
_2embne
_9241333
650 0 _aCoros profanos (Voces mixtas) con orquesta
_2embne
_9241334
700 1 _aGamoneda, Antonio,
_d1931-
_953807
700 1 _aPixán, Joaquín,
_d1950-
_9241309
700 1 _aDíaz, Óliver,
_d1972-
_9241336
700 1 _aEsteban Miranda, José
_9241337
700 1 _aSanhuesa Fonseca, María
_9241338
710 2 _aCoro de la Fundación "Príncipe de Asturias"
_9241339
710 2 _aOrquesta Sinfónica del Principado de Asturias
_9241340
852 _aES-MaACL
_cDEPOJ
_jN-10610
_xEncuadernación cartoné
_hDonación: Editorial
_9206733
942 _cDVD
_n0
999 _c197751
_d197751